Hướng dẫn thực hiện các loại thiệp chúc mừng

Đã lưu trong:
書目詳細資料
主要作者: Trần, Văn Huân
格式: 圖書
語言:Undetermined
出版: Hà Nội Mỹ thuật 2004
主題:
標簽: 添加標簽
沒有標簽, 成為第一個標記此記錄!
Thư viện lưu trữ: Trung tâm Học liệu Trường Đại học Cần Thơ
LEADER 00533nam a2200181Ia 4500
001 CTU_92463
008 210402s9999 xx 000 0 und d
082 |a 745.594 
082 |b H502 
100 |a Trần, Văn Huân 
245 0 |a Hướng dẫn thực hiện các loại thiệp chúc mừng 
245 0 |c Trần Văn Huân 
260 |a Hà Nội 
260 |b Mỹ thuật 
260 |c 2004 
650 |a Handicraft 
904 |i Tuyến 
980 |a Trung tâm Học liệu Trường Đại học Cần Thơ